000 01036nam2a22002651 4500
001 rc\3716946
005 20130115153146.7
035 _a(NLR Aleph) 007879234
090 _a7907344
_c7907344
100 _a20130115d1969 |||y0rusy50 ca
101 0 _arus
102 _aRU
105 _ay z |||||
200 1 _aИнтерпретирующая система ИС-22 для М-220 и БЭСМ-4
210 _aМосква
_cБ. и.
_d1969
215 _a30 с.
461 0 _1001rc\3716945
_12001#$aСтандартные программы ИС-22$e[В 6 вып.]$eВып. 001-$fАН СССР. Комис. по эксплуатации вычислит. машин$vВып. 001
532 1 1 _aИнтерпретирующая система ИС-двадцать два для М- двести двадцать и БЭСМ-4
700 1 _6z01790
_aШура-Бура
_bМ. Р.
790 1 _6z01700
_aБура
_bМ. Р.
801 0 _aRU
_bNLR
_gpsbo
801 1 _aRU
_bELAR
_2rusmarc
852 _aNLR
_j69-4/32790
942 _cBOOK
980 _aNB